<?xml version="1.0" encoding="UTF-8"?>
<collection xmlns="http://www.loc.gov/MARC21/slim">
 <record>
  <leader>02419aam a22003018a 4500</leader>
  <controlfield tag="001">NCT_4320</controlfield>
  <controlfield tag="008">170117s2016                  ||||||viesd</controlfield>
  <datafield tag="999" ind1=" " ind2=" ">
   <subfield code="c">218</subfield>
   <subfield code="d">218</subfield>
  </datafield>
  <datafield tag="020" ind1=" " ind2=" ">
   <subfield code="a">9786046258070</subfield>
   <subfield code="c">65000</subfield>
  </datafield>
  <datafield tag="082" ind1="0" ind2="4">
   <subfield code="2">23rd ed.</subfield>
   <subfield code="a">428.2</subfield>
   <subfield code="b">H527</subfield>
  </datafield>
  <datafield tag="100" ind1="1" ind2=" ">
   <subfield code="a">Nguyễn Thu Huyền</subfield>
  </datafield>
  <datafield tag="245" ind1="1" ind2="0">
   <subfield code="a">5000 từ vựng tiếng Anh thông dụng nhất</subfield>
   <subfield code="c">Nguyễn Thu Huyền</subfield>
  </datafield>
  <datafield tag="260" ind1=" " ind2=" ">
   <subfield code="a">H.</subfield>
   <subfield code="b">Đại học Quốc gia Hà Nội</subfield>
   <subfield code="c">2016</subfield>
  </datafield>
  <datafield tag="300" ind1=" " ind2=" ">
   <subfield code="a">494tr.</subfield>
   <subfield code="c">12cm</subfield>
  </datafield>
  <datafield tag="520" ind1="3" ind2=" ">
   <subfield code="a">Nội dung tài liệu giới thiệu khoảng 5000 từ vựng tiếng Anh thông dụng giúp bạn học nâng cao vốn từ vựng</subfield>
  </datafield>
  <datafield tag="653" ind1=" " ind2=" ">
   <subfield code="a">Khoa học cơ bản</subfield>
  </datafield>
  <datafield tag="942" ind1=" " ind2=" ">
   <subfield code="2">ddc</subfield>
   <subfield code="c">BK</subfield>
  </datafield>
  <datafield tag="952" ind1=" " ind2=" ">
   <subfield code="0">0</subfield>
   <subfield code="1">0</subfield>
   <subfield code="2">ddc</subfield>
   <subfield code="4">0</subfield>
   <subfield code="6">428_200000000000000_H527</subfield>
   <subfield code="7">0</subfield>
   <subfield code="9">1465</subfield>
   <subfield code="a">000001</subfield>
   <subfield code="b">000001</subfield>
   <subfield code="d">2017-10-17</subfield>
   <subfield code="o">428.2 H527</subfield>
   <subfield code="p">MD.01337</subfield>
   <subfield code="r">2017-10-17</subfield>
   <subfield code="v">65000.00</subfield>
   <subfield code="w">2017-10-17</subfield>
   <subfield code="y">BK</subfield>
  </datafield>
  <datafield tag="952" ind1=" " ind2=" ">
   <subfield code="0">0</subfield>
   <subfield code="1">0</subfield>
   <subfield code="2">ddc</subfield>
   <subfield code="4">0</subfield>
   <subfield code="6">428_200000000000000_H527</subfield>
   <subfield code="7">0</subfield>
   <subfield code="9">1466</subfield>
   <subfield code="a">000001</subfield>
   <subfield code="b">000001</subfield>
   <subfield code="d">2017-10-17</subfield>
   <subfield code="l">2</subfield>
   <subfield code="o">428.2 H527</subfield>
   <subfield code="p">MD.01338</subfield>
   <subfield code="q">2022-03-02</subfield>
   <subfield code="r">2022-02-16</subfield>
   <subfield code="s">2022-02-16</subfield>
   <subfield code="v">65000.00</subfield>
   <subfield code="w">2017-10-17</subfield>
   <subfield code="y">BK</subfield>
  </datafield>
  <datafield tag="952" ind1=" " ind2=" ">
   <subfield code="0">0</subfield>
   <subfield code="1">0</subfield>
   <subfield code="2">ddc</subfield>
   <subfield code="4">0</subfield>
   <subfield code="6">428_200000000000000_H527</subfield>
   <subfield code="7">0</subfield>
   <subfield code="9">1467</subfield>
   <subfield code="a">000001</subfield>
   <subfield code="b">000001</subfield>
   <subfield code="d">2017-10-17</subfield>
   <subfield code="l">3</subfield>
   <subfield code="o">428.2 H527</subfield>
   <subfield code="p">MD.01339</subfield>
   <subfield code="r">2020-06-12</subfield>
   <subfield code="s">2020-05-28</subfield>
   <subfield code="v">65000.00</subfield>
   <subfield code="w">2017-10-17</subfield>
   <subfield code="y">BK</subfield>
  </datafield>
  <datafield tag="952" ind1=" " ind2=" ">
   <subfield code="0">0</subfield>
   <subfield code="1">0</subfield>
   <subfield code="2">ddc</subfield>
   <subfield code="4">0</subfield>
   <subfield code="6">428_200000000000000_H527</subfield>
   <subfield code="7">0</subfield>
   <subfield code="9">1468</subfield>
   <subfield code="a">000001</subfield>
   <subfield code="b">000001</subfield>
   <subfield code="d">2017-10-17</subfield>
   <subfield code="l">3</subfield>
   <subfield code="o">428.2 H527</subfield>
   <subfield code="p">MD.01340</subfield>
   <subfield code="r">2022-02-18</subfield>
   <subfield code="s">2022-02-14</subfield>
   <subfield code="v">65000.00</subfield>
   <subfield code="w">2017-10-17</subfield>
   <subfield code="y">BK</subfield>
  </datafield>
  <datafield tag="952" ind1=" " ind2=" ">
   <subfield code="0">0</subfield>
   <subfield code="1">0</subfield>
   <subfield code="2">ddc</subfield>
   <subfield code="4">0</subfield>
   <subfield code="6">428_200000000000000_H527</subfield>
   <subfield code="7">0</subfield>
   <subfield code="9">1469</subfield>
   <subfield code="a">000001</subfield>
   <subfield code="b">000001</subfield>
   <subfield code="d">2017-10-17</subfield>
   <subfield code="l">1</subfield>
   <subfield code="o">428.2 H527</subfield>
   <subfield code="p">MD.01341</subfield>
   <subfield code="r">2021-05-04</subfield>
   <subfield code="s">2021-04-14</subfield>
   <subfield code="v">65000.00</subfield>
   <subfield code="w">2017-10-17</subfield>
   <subfield code="y">BK</subfield>
  </datafield>
  <datafield tag="952" ind1=" " ind2=" ">
   <subfield code="0">0</subfield>
   <subfield code="1">0</subfield>
   <subfield code="2">ddc</subfield>
   <subfield code="4">0</subfield>
   <subfield code="6">428_200000000000000_H527</subfield>
   <subfield code="7">0</subfield>
   <subfield code="9">1470</subfield>
   <subfield code="a">000001</subfield>
   <subfield code="b">000001</subfield>
   <subfield code="d">2017-10-17</subfield>
   <subfield code="l">2</subfield>
   <subfield code="o">428.2 H527</subfield>
   <subfield code="p">MD.01342</subfield>
   <subfield code="r">2019-07-29</subfield>
   <subfield code="s">2019-06-13</subfield>
   <subfield code="v">65000.00</subfield>
   <subfield code="w">2017-10-17</subfield>
   <subfield code="y">BK</subfield>
  </datafield>
  <datafield tag="952" ind1=" " ind2=" ">
   <subfield code="0">0</subfield>
   <subfield code="1">0</subfield>
   <subfield code="2">ddc</subfield>
   <subfield code="4">0</subfield>
   <subfield code="6">428_200000000000000_H527</subfield>
   <subfield code="7">0</subfield>
   <subfield code="9">1471</subfield>
   <subfield code="a">000001</subfield>
   <subfield code="b">000001</subfield>
   <subfield code="d">2017-10-17</subfield>
   <subfield code="l">2</subfield>
   <subfield code="o">428.2 H527</subfield>
   <subfield code="p">MD.01343</subfield>
   <subfield code="r">2018-12-06</subfield>
   <subfield code="s">2018-09-27</subfield>
   <subfield code="v">65000.00</subfield>
   <subfield code="w">2017-10-17</subfield>
   <subfield code="y">BK</subfield>
  </datafield>
  <datafield tag="952" ind1=" " ind2=" ">
   <subfield code="0">0</subfield>
   <subfield code="1">0</subfield>
   <subfield code="2">ddc</subfield>
   <subfield code="4">0</subfield>
   <subfield code="6">428_200000000000000_H527</subfield>
   <subfield code="7">0</subfield>
   <subfield code="9">1472</subfield>
   <subfield code="a">000001</subfield>
   <subfield code="b">000001</subfield>
   <subfield code="d">2017-10-17</subfield>
   <subfield code="l">4</subfield>
   <subfield code="o">428.2 H527</subfield>
   <subfield code="p">MD.01344</subfield>
   <subfield code="r">2020-12-04</subfield>
   <subfield code="s">2020-11-19</subfield>
   <subfield code="v">65000.00</subfield>
   <subfield code="w">2017-10-17</subfield>
   <subfield code="y">BK</subfield>
  </datafield>
  <datafield tag="952" ind1=" " ind2=" ">
   <subfield code="0">0</subfield>
   <subfield code="1">0</subfield>
   <subfield code="2">ddc</subfield>
   <subfield code="4">0</subfield>
   <subfield code="6">428_200000000000000_H527</subfield>
   <subfield code="7">0</subfield>
   <subfield code="9">1473</subfield>
   <subfield code="a">000001</subfield>
   <subfield code="b">000001</subfield>
   <subfield code="d">2017-10-17</subfield>
   <subfield code="l">3</subfield>
   <subfield code="m">1</subfield>
   <subfield code="o">428.2 H527</subfield>
   <subfield code="p">MD.01345</subfield>
   <subfield code="r">2020-01-07</subfield>
   <subfield code="s">2019-11-26</subfield>
   <subfield code="v">65000.00</subfield>
   <subfield code="w">2017-10-17</subfield>
   <subfield code="y">BK</subfield>
  </datafield>
  <datafield tag="952" ind1=" " ind2=" ">
   <subfield code="0">0</subfield>
   <subfield code="1">0</subfield>
   <subfield code="2">ddc</subfield>
   <subfield code="4">0</subfield>
   <subfield code="6">428_200000000000000_H527</subfield>
   <subfield code="7">0</subfield>
   <subfield code="9">1474</subfield>
   <subfield code="a">000001</subfield>
   <subfield code="b">000001</subfield>
   <subfield code="d">2017-10-17</subfield>
   <subfield code="l">4</subfield>
   <subfield code="o">428.2 H527</subfield>
   <subfield code="p">MD.01346</subfield>
   <subfield code="r">2020-07-02</subfield>
   <subfield code="s">2020-06-18</subfield>
   <subfield code="v">65000.00</subfield>
   <subfield code="w">2017-10-17</subfield>
   <subfield code="y">BK</subfield>
  </datafield>
  <datafield tag="980" ind1=" " ind2=" ">
   <subfield code="a">Thư viện Trường Đại học Nam Cần Thơ</subfield>
  </datafield>
 </record>
</collection>
